Average residential property prices in Scotland (Record no. 105416)

MARC details
000 -LEADER
fixed length control field 01530cam a2200229 4500
001 - CONTROL NUMBER
control field ##L133549
008 - FIXED-LENGTH DATA ELEMENTS--GENERAL INFORMATION
fixed length control field 060518n2006 000 0 eng u
035 ## - SYSTEM CONTROL NUMBER
System control number (Sirsi) u133549
041 0# - LANGUAGE CODE
Language code of text/sound track or separate title eng
050 04 - LIBRARY OF CONGRESS CALL NUMBER
Classification number 333.33 $2 18
110 1# - MAIN ENTRY--CORPORATE NAME
Corporate name or jurisdiction name as entry element Scotland
Subordinate unit Registers of Scotland
9 (RLIN) 4919
245 ## - TITLE STATEMENT
Title Average residential property prices in Scotland
Remainder of title January to March 2006
260 ## - PUBLICATION, DISTRIBUTION, ETC.
Place of publication, distribution, etc. Edinburgh
Name of publisher, distributor, etc. Registers of Scotland
Date of publication, distribution, etc. 2006
490 #0 - SERIES STATEMENT
Series statement Registers of Scotland News Release
Volume/sequential designation 16 May 2006
520 ## - SUMMARY, ETC.
Summary, etc. The average house price for a residential property in Scotland decreased by 1.2% in the first quarter 2006 and stands at £124 481 compared to £125 934 in the last quarter, representing an 8% increase over the first quarter 2005. The highest average property price, £160 110, is again in the Lothian region and the highest year-on-year increase of 12.5% is in the southwest Scotland area where the average house now sells for £109 407. The Glasgow area remains the largest market with sales of almost £1.3bn for the period, 26.7% over the same period in 2005. The total sales value across Scotland during the quarter was almost £4bn, 23.6% more than the same quarter last year.
590 ## - LOCAL NOTE (RLIN)
Local note IKA230506
650 24 - SUBJECT ADDED ENTRY--TOPICAL TERM
Topical term or geographic name entry element REGISTERS OF SCOTLAND: AVERAGE RESIDENTIAL PROPERTY PRICES IN SCOTLAND
651 #4 - SUBJECT ADDED ENTRY--GEOGRAPHIC NAME
Geographic name Scotland
Chronological subdivision 1999-
690 ## - LOCAL SUBJECT ADDED ENTRY--TOPICAL TERM (OCLC, RLIN)
Topical term or geographic name as entry element PROPERTY-RESIDENTIAL PROPERTY-RESIDENTIAL PROPERTY MARKET
856 40 - ELECTRONIC LOCATION AND ACCESS
Uniform Resource Identifier <a href="https://www.ros.gov.uk/pressreleases.html">https://www.ros.gov.uk/pressreleases.html</a>
Public note View the quarterly report free of charge at www.ros.gov.uk...
942 ## - ADDED ENTRY ELEMENTS (KOHA)
Suppress in OPAC 0
Holdings
Withdrawn status Lost status Source of classification or shelving scheme Damaged status Not for loan Home library Current library Shelving location Date acquired Total Checkouts Full call number Barcode Date last seen Copy number Price effective from Koha item type
    Dewey Decimal Classification     Virtual Virtual Online 18/05/2006   ONLINE PUBLICATION 133549-2001 06/08/2019 1 06/08/2019 Book